Genshin Impact Bosses - Statistics

General Stats
  • This quiz has been taken 55 times
  • The average score is 20 of 53
Answer Stats
Region Answer % Correct
Mondstadt Electro Hypostasis
81%
Inazuma Hydro Hypostasis
81%
Mondstadt Anemo Hypostasis
78%
Mondstadt Cryo Regisvine
78%
Liyue Geo Hypostasis
78%
Inazuma Pyro Hypostasis
78%
Liyue Pyro Regisvine
78%
Mondstadt Stormterror
78%
Liyue Childe
75%
Sumeru Dendro Hypostasis
75%
Inazuma Magatsu Mitake Narukami no Mikoto
75%
Mondstadt Cryo Hypostasis
69%
Sumeru Electro Regisvine
66%
Inazuma La Signora
66%
Sumeru Shouki no Kami, the Prodigal
59%
Mondstadt Lupus Boreas, Dominator of Wolves
53%
Fontaine The Knave
53%
Fontaine All-Devouring Narwhal
50%
Liyue Azhdaha
47%
Liyue Oceanid
44%
Fontaine Hydro Tulpa
41%
Inazuma Thunder Manifestation
38%
Inazuma Maguu Kenki
34%
Liyue Primo Geovishap
34%
Inazuma Golden Wolflord
31%
Fontaine Emperor of Fire and Iron
28%
Fontaine Icewind Suite
28%
Sumeru Guardian of Apep's Oasis
25%
Liyue Ruin Serpent
25%
Sumeru Setekh Wenut
25%
Liyue Solitary Suanni
22%
Sumeru Aeonblight Drake
19%
Natlan Gluttonous Yumkasaur Mountain King
19%
Sumeru Jadeplume Terrorshroom
19%
Nod-Krai Knuckle Duckle
19%
Inazuma Perpetual Mechanical Array
19%
Natlan Lord of Eroded Primal Fire
16%
Fontaine Millennial Pearl Seahorse
16%
Natlan Tenebrous Papilla
16%
Mondstadt The Game Before the Gate
16%
Inazuma Bathysmal Vishap Herd
13%
Nod-Krai Frostnight Herra
13%
Sumeru Iniquitous Baptist
13%
Fontaine Legatus Golem
13%
Nod-Krai Radiant Moonfly
13%
Natlan Wayward Hermetic Spiritspeaker
9%
Sumeru Algorithm of Semi-Intransient Matrix of Overseer Network
6%
Fontaine Experimental Field Generator
6%
Natlan Goldflame Qucusaur Tyrant
6%
Natlan Lava Dragon Statue
6%
Natlan Secret Source Automaton: Configuration Device
6%
Natlan Secret Source Automaton: Overseer Device
6%
Nod-Krai Super-Heavy Landrover: Mechanized Fortress
3%
No matching quizzes found
Score Distribution
Percent of People with Each Score
Percentile by Number Answered
Your Score History
You have not taken this quiz